[Event "12th Puhajarve Rapid 2012"]
[Site "Puhajarve EST"]
[Date "2012.11.24"]
[Round "23.5"]
[White "Haavamae,Henrik"]
[Black "Volodin,Alek"]
[Result "1/2-1/2"]
[WhiteElo "1977"]
[BlackElo "2502"]

1.e4 c5 2.Nf3 e6 3.d4 cxd4 4.Nxd4 Nc6 5.Nc3 Qc7 6.Be3 Nf6 7.Bd3 Nxd4 8.Bxd4 Bc5
9.Bxc5 Qxc5 10.O-O a6 11.Kh1 d6 12.f4 Bd7 13.Qf3 Bc6 14.a4 O-O-O 15.a5 d5
16.exd5 Nxd5 17.Nxd5 Bxd5 18.Qe2 g6 19.Ra3 Kb8 20.Rb1 Rc8 21.b4 Qd4 22.b5 axb5
23.Bxb5 Rhd8 24.a6 b6 25.Ra4 Qc5 26.c4 Bc6 27.Rab4 Ka7 28.Qb2 Be4 29.Re1 Qd4
30.Qe2 f5 31.Rb3 Qd2 32.h3 Rd4 33.Rb2 Qxe2 34.Rexe2 Rcd8 35.Kh2 Rd1 36.Rb3 R1d2
37.Rb2 R2d4 38.Re3 R8d6 39.Rbe2 Rd2 40.Kg3 Rd1 41.Kh2 Kb8 42.Ra3 R1d2 43.Rxd2 Rxd2
44.a7+ Ka8 45.Kg1 Rxg2+ 46.Kf1 Rd2 47.Ra6 Bb7 48.Rxb6 Kxa7 49.Rxe6 Rd4 50.Re7 Rxf4+
51.Ke2 Kb6 52.Rxh7 Re4+ 53.Kd3 Rf4 54.Rh6 Rf3+ 55.Ke2 Rg3 56.h4 Kc5 57.h5 gxh5
58.Rxh5 Bf3+ 59.Kf2 Bxh5 60.Kxg3 Kd6 61.Kf4 Ke6 62.c5 Bf7 63.Bc4+ Kf6 64.Bxf7 Kxf7
65.Kxf5 Ke7 66.Ke5 Kd7 67.Kd5 Kc7  1/2-1/2

[Event "TCh-SVK Extraliga 2012-13"]
[Site "Slovakia SVK"]
[Date "2012.11.24"]
[Round "3.6"]
[White "Harvan,R"]
[Black "Pales,D"]
[Result "1-0"]
[WhiteElo "2027"]
[BlackElo "2060"]

1.e4 c5 2.Nf3 e6 3.d4 cxd4 4.Nxd4 Nc6 5.Nc3 Nf6 6.Ndb5 d6 7.Bf4 e5 8.Bg5 a6
9.Na3 Be7 10.Bxf6 gxf6 11.Nc4 Be6 12.Ne3 Rc8 13.Ncd5 O-O 14.c3 Kh8 15.Be2 Rg8
16.Bg4 Qf8 17.g3 Rd8 18.Bf5 Qh6 19.Qf3 Rge8 20.Nc7 Rg8 21.Nxe6 fxe6 22.Bxe6 Rgf8
23.Bf5 b5 24.O-O Qg5 25.Qg4 Rg8 26.Qxg5 fxg5 27.Nd5 a5 28.a4 Rb8 29.Bd7  1-0

[Event "TCh-SVK Extraliga 2012-13"]
[Site "Slovakia SVK"]
[Date "2012.11.24"]
[Round "3.2"]
[White "Petenyi,T"]
[Black "Plat,V"]
[Result "1/2-1/2"]
[WhiteElo "2457"]
[BlackElo "2470"]

1.e4 c5 2.Nf3 e6 3.d4 cxd4 4.Nxd4 Nc6 5.Nc3 a6 6.Be3 Nf6 7.Be2 Bb4 8.O-O Qc7
9.Nxc6 bxc6 10.Na4 Rb8 11.Bd3 d5 12.Nc5 Qe7 13.Nxa6 Bxa6 14.Bxa6 Nxe4 15.Bd3 Nf6
16.Bg5 Bd6 17.b3 e5 18.Be2 e4 19.Bh4 g5 20.Bg3 Be5 21.Qd2 Rg8 22.Rad1 h5
23.c4 Rd8 24.cxd5 cxd5 25.Qa5 Bf4 26.Rc1 Kf8 27.Bxf4 gxf4 28.f3 h4 29.Kh1 Kg7
30.fxe4 Qxe4 31.Bf3 Qg6 32.Qd2 Qg5 33.Qd4 Rge8 34.a4 Kg8 35.Rc5 Re3 36.b4 Rde8
37.Bxd5 Re1 38.Bc4 Qh6 39.Rc6 Kg7 40.Qf2 R1e4 41.Rc7 h3 42.gxh3 Qxh3 43.Qg2+ Qxg2+
44.Kxg2 Kh6 45.Bxf7 Ra8 46.Rc4 Rxc4 47.Bxc4 Rxa4 48.Rxf4 Nh5 49.Rd4 Rxb4
50.h4 Nf6 51.Kf3 Nd5 52.Kg3 Ra4 53.Rxd5 Rxc4 54.h5 Ra4 55.Kh3 Rb4 56.Kg3 Ra4
57.Kh3  1/2-1/2

[Event "XXVI Belgrade Trophy 2012"]
[Site "Belgrade SRB"]
[Date "2012.11.25"]
[Round "2.17"]
[White "Devetak,D"]
[Black "Cvetkovic,Sr"]
[Result "0-1"]
[WhiteElo "2156"]
[BlackElo "2389"]

1.e4 c5 2.Nf3 e6 3.d4 cxd4 4.Nxd4 Nc6 5.Nc3 a6 6.a3 Qc7 7.Be2 Nf6 8.O-O Bd6
9.g3 Nxd4 10.Qxd4 Be5 11.Qd3 b5 12.Bd2 Bb7 13.Bf3 Rc8 14.Rac1 O-O 15.Bg2 Qc4
16.Rfe1 Bd4 17.h3 d6 18.Re2 Nd7 19.Qxc4 Rxc4 20.Kh2 Rfc8 21.Be1 Nc5 22.f3 Bxc3
23.Bxc3 Na4 24.Bb4 Nxb2 25.Bxd6 R4c6 26.e5 Rc3 27.Bb4 Nd3 28.Bxc3 Nxc1 29.Rd2 h5
30.Ba5 Bd5 31.f4 Bxg2 32.Kxg2 Rc4 33.Kf2 Na2 34.Ke3 Ra4 35.Bc7 Rxa3+ 36.Rd3 Rxd3+
37.Kxd3 Nb4+ 38.Kd2 Nd5 39.Ba5 h4 40.gxh4 Nxf4  0-1

[Event "ch-Commonwealth 2012"]
[Site "Chennai IND"]
[Date "2012.11.25"]
[Round "5"]
[White "Harsha,B"]
[Black "Fominyh,A"]
[Result "0-1"]
[WhiteElo "2017"]
[BlackElo "2456"]

1.e4 c5 2.Nf3 e6 3.d4 cxd4 4.Nxd4 Nc6 5.Nc3 a6 6.Be3 Nf6 7.f3 Bb4 8.Qd2 d5
9.a3 Qa5 10.Nxc6 bxc6 11.e5 Nd7 12.f4 Be7 13.Be2 Rb8 14.Nd1 Qxd2+ 15.Bxd2 c5
16.b3 h6 17.O-O O-O 18.Nf2 Bd8 19.Rab1 Bc7 20.c4 Bb7 21.b4 dxc4 22.Bxc4 Rfd8
23.Be3 Nb6 24.Rfc1 cxb4 25.Rxb4 Nxc4 26.Rbxc4 Ba5 27.Ra4 Bd2 28.Bxd2 Rxd2
29.Rb4 Rc8 30.Rxc8+ Bxc8 31.Rb8 Rc2 32.Ne4 Kh7 33.Nd6 Bd7 34.Nxf7 Bc6 35.g3 Rg2+
36.Kf1 Rxh2 37.Rb6 Bd5 38.Nd8 Ra2 39.Nxe6 Rxa3 40.g4 Bxe6 41.Rxe6 Rf3+ 42.Ke2 Rxf4
43.Rxa6 Rxg4 44.Kf3 Rb4 45.Rc6 h5 46.Rc7 Kg6 47.Kg3 Rg4+ 48.Kf3 Kf5 49.Re7 g5
50.Re8 Rf4+ 51.Kg2 Re4 52.Rf8+ Kxe5 53.Re8+ Kf4 54.Rf8+ Kg4 55.Rf2 h4 56.Ra2 Re3
57.Ra4+ Kf5 58.Ra5+ Kf4 59.Ra4+ Re4 60.Ra8 Re2+ 61.Kf1 Rb2 62.Ra4+ Kf3 63.Ra3+ Kg4
64.Ra4+ Kh5 65.Ra3 g4 66.Ra5+ Kg6 67.Ra6+ Kf5 68.Ra5+ Kf4 69.Ra4+ Kg3 70.Ra3+ Kh2  0-1

[Event "ch-Commonwealth 2012"]
[Site "Chennai IND"]
[Date "2012.11.25"]
[Round "5"]
[White "Soumya,Sw"]
[Black "Himanshu,Sh"]
[Result "0-1"]
[WhiteElo "2251"]
[BlackElo "2417"]

1.e4 c5 2.Nf3 e6 3.d4 cxd4 4.Nxd4 Nc6 5.Nc3 Qc7 6.Be3 a6 7.Qd2 Nf6 8.O-O-O Bb4
9.f3 Ne5 10.Nb3 b5 11.Qe1 Rb8 12.Qf2 Nc4 13.Bc5 Bxc5 14.Qxc5 Qxc5 15.Nxc5 Nb6
16.e5 b4 17.exf6 bxc3 18.bxc3 gxf6 19.Bxa6 Rg8 20.g4 Rg5 21.Bxc8 Rxc5 22.Ba6 Nd5
23.Rd4 Nxc3 24.Kd2 Nb1+ 25.Ke3 Na3 26.Bd3 Nxc2+ 27.Bxc2 Rxc2 28.Rhd1 d5 29.R1d2 Rbb2
30.Rxc2 Rxc2 31.Ra4 Rxh2 32.Ra8+ Ke7 33.Ra7+ Kf8 34.a4 Ra2 35.a5 Ra3+ 36.Ke2 Kg7
37.a6 Kg6 38.Ra8 Kg5 39.Ra7 h6 40.Kf2 e5 41.Kg3 e4 42.Rxf7 Rxf3+ 43.Kg2 Ra3
44.a7 Kxg4 45.Rxf6 Rxa7 46.Rxh6 Ra2+ 47.Kf1 d4 48.Ke1 d3  0-1

[Event "British Rapidplay"]
[Site "Leeds ENG"]
[Date "2012.11.25"]
[Round "11.4"]
[White "Mannion,S"]
[Black "Gordon,S"]
[Result "0-1"]
[WhiteElo "2351"]
[BlackElo "2533"]

1.e4 c5 2.Nf3 e6 3.d4 cxd4 4.Nxd4 Nc6 5.Nc3 Qc7 6.Be3 a6 7.Qd2 Nf6 8.f3 Bb4
9.O-O-O O-O 10.g4 b5 11.g5 Ne8 12.a3 Ba5 13.Nxc6 Qxc6 14.b4 Bb6 15.Bxb6 Qxb6
16.Qd4 Qc7 17.Kb2 d6 18.h4 Bb7 19.h5 Rc8 20.h6 g6 21.Bh3 Qe7 22.Rhg1 Rc4
23.Qd3 f6 24.f4 f5 25.exf5 gxf5 26.Rde1 Rxf4 27.Qe3 Rf3 28.Qa7 Rxh3 29.Nd5 Qf7
30.Nf4 Rh2 31.Nxe6 Be4 32.Qxf7+ Rxf7 33.g6 Rf6 34.gxh7+ Kxh7 35.Ng5+ Kxh6
36.Nxe4 fxe4 37.Rxe4 Ng7 38.Reg4 Ne6 39.Rd1 Ng5 40.Rd5 Nf3 41.Rg8 Rd2 42.Rh8+ Kg7
43.Rdh5 Ne5 44.R5h7+ Kg6 45.Rh6+ Kf7 46.Rxf6+ Kxf6 47.Ra8 Ke6 48.Rxa6 Kd5
49.Ra8 Nc4+ 50.Kb3 Rf2 51.Rb8 Rf3+ 52.c3 Kc6 53.a4 Nb6 54.axb5+ Kxb5 55.Rd8 d5
56.Rd6 Rf8 57.Rh6 Rc8 58.Rh5 Rc6 59.Rg5 Rd6 60.Rh5 Nc4 61.Rg5 Kc6 62.Rh5 Re6
63.b5+ Kc5  0-1

[Event "9th Vasylyshyn Mem IM"]
[Site "Lviv UKR"]
[Date "2012.11.25"]
[Round "6"]
[White "Volovikov,An"]
[Black "Szwed,J"]
[Result "1/2-1/2"]
[WhiteElo "2343"]
[BlackElo "2251"]

1.e4 e6 2.d4 c5 3.Nf3 cxd4 4.Nxd4 Nc6 5.Nc3 Qc7 6.Be3 a6 7.Be2 b5 8.O-O Bb7
9.f4 Bc5 10.Bf3 Qb6 11.Nce2 Nxd4 12.Nxd4 Nf6 13.e5 Nd5 14.Bf2 Nxf4 15.c3 Qc7
16.a4 O-O 17.axb5 axb5 18.Rxa8 Rxa8 19.Nxb5 Bxf2+ 20.Rxf2 Qb6 21.Nd4 Bxf3
22.Qxf3 Ra1+ 23.Rf1 Rxf1+ 24.Qxf1 Ng6 25.Qa1 f6 26.exf6 e5 27.Qa2+ Kf8 28.Qa3+ Kf7
29.Qb3+ Qxb3 30.Nxb3 gxf6 31.c4 Nf4 32.Nc5 d6 33.Ne4 d5 34.cxd5 Nxd5 35.g4 Kg6
36.Kf2 h5 37.h3 hxg4 38.hxg4 f5  1/2-1/2

[Event "2nd UNAM Open Section I 2012"]
[Site "Mexico City MEX"]
[Date "2012.11.25"]
[Round "8.7"]
[White "Hansen,Eric"]
[Black "Dominguez Aguilar,G"]
[Result "1-0"]
[WhiteElo "2539"]
[BlackElo "2363"]

1.e4 c5 2.Nf3 e6 3.d4 cxd4 4.Nxd4 Nc6 5.Nc3 Qc7 6.Be3 a6 7.Qd2 Nf6 8.f3 Bb4
9.O-O-O Ne5 10.Nb3 O-O 11.Kb1 Be7 12.f4 Nc4 13.Bxc4 Qxc4 14.e5 Ng4 15.Bd4 f6
16.exf6 Nxf6 17.Rhe1 b5 18.f5 Rf7 19.g4 exf5 20.Na5 Qb4 21.Bxf6 gxf6 22.gxf5 Rb8
23.Rg1+ Kf8 24.Qg2 Ke8 25.Qg8+ Rf8 26.Qxh7 Qxa5 27.Rde1 Qb4 28.Rg7 Kd8 29.Rgxe7 Qg4
30.Nd5  1-0

[Event "2nd UNAM Open Section I 2012"]
[Site "Mexico City MEX"]
[Date "2012.11.25"]
[Round "8.11"]
[White "De la Paz Perdomo,F"]
[Black "Della Morte,P"]
[Result "1/2-1/2"]
[WhiteElo "2436"]
[BlackElo "2308"]

1.e4 c5 2.Nf3 e6 3.d4 cxd4 4.Nxd4 Nc6 5.Nc3 Qc7 6.Be3 a6 7.Bd3 b5 8.O-O Bb7
9.Re1 Nf6 10.Nxc6 Qxc6 11.Bd4 Be7 12.a3 O-O 13.Qf3 Qc7 14.Qh3 e5 15.Be3 Bc5
16.Bg5 Qb6 17.Qh4 h6 18.Bxf6 Qxf6 19.Qxf6 gxf6 20.Nd5 Bxd5 21.exd5 Rfc8 22.Bf5 Ra7
23.Rad1 Kf8 24.Re4 Ke7 25.Rh4 Rh8 26.Rd3 Rc7 27.Rdh3 Bd6 28.Rxh6 Rxh6 29.Rxh6 Rc4
30.Rh8 Rf4 31.g4 Bc5 32.Rc8 Bd4 33.Rc7 Rxf2 34.Kh1 e4 35.Bxe4 Be5 36.Rb7 Rxh2+
37.Kg1 Rd2 38.b3 Rd4 39.Bf3 Rd2 40.Be4 Rd4 41.Bf3 Rd2 42.Be4  1/2-1/2

[Event "TCh-SVK Extraliga 2012-13"]
[Site "Slovakia SVK"]
[Date "2012.11.25"]
[Round "4.5"]
[White "Salai,L"]
[Black "Pales,D"]
[Result "1-0"]
[WhiteElo "2362"]
[BlackElo "2060"]

1.e4 c5 2.Nf3 e6 3.d4 cxd4 4.Nxd4 Nc6 5.Nc3 Nf6 6.Be2 Bb4 7.Nxc6 bxc6 8.e5 Nd5
9.Bd2 Qa5 10.Ne4 Bxd2+ 11.Qxd2 Qxd2+ 12.Kxd2 Nf4 13.g3 Nxe2 14.Kxe2 O-O 15.Rad1 f6
16.exf6 gxf6 17.Nd6 Ba6+ 18.Ke3 Rab8 19.b3 Rfd8 20.c4 c5 21.Rhg1 Bb7 22.g4 Bc6
23.g5 f5 24.g6 hxg6 25.Rxg6+ Kh7 26.Rg3 Rg8 27.Rdg1 Rxg3+ 28.Rxg3 Rg8 29.Kf4 Rxg3
30.hxg3 Kg6 31.Nc8 a5 32.Ke5 Kg5 33.Kd6 Kg4 34.Ne7 Be4 35.Kxd7 Bb1 36.a3 Bc2
37.Kxe6 Bxb3 38.Kd5 Bc2 39.Kxc5 Kf3 40.Kd4 Kxf2 41.Ke5 Kxg3 42.Nxf5+ Kf2
43.c5 Ba4 44.Kd4 Kf3 45.Ne7 Kf4 46.c6 Bxc6 47.Nxc6 a4 48.Kc4 Ke4 49.Kb4 Kd5
50.Na7 Kd6 51.Kxa4 Kc7 52.Ka5 Kb7 53.Nb5 Ka8 54.Kb6 Kb8 55.Nc7  1-0

[Event "35th ch-GRE w 2012"]
[Site "Athens GRE"]
[Date "2012.11.26"]
[Round "3"]
[White "Markantonaki,H"]
[Black "Iordanidou,Z"]
[Result "0-1"]
[WhiteElo "2197"]
[BlackElo "2147"]

1.e4 c5 2.Nf3 e6 3.d4 cxd4 4.Nxd4 Nc6 5.Nc3 Qc7 6.Be2 a6 7.O-O Nf6 8.Be3 Bb4
9.Na4 O-O 10.Nxc6 dxc6 11.Bb6 Qe5 12.Bd3 Nd7 13.f4 Qb8 14.Kh1 Bd6 15.e5 Bc7
16.Be3 f5 17.Qh5 g6 18.Qh6 b6 19.Rf3 Rf7 20.h4 Nf8 21.h5 Bd7 22.Rh3 c5 23.Nc3 Rg7
24.Be2 Bc6 25.Bf3 Qb7 26.Rg1 Rd8 27.Rd1 Rxd1+ 28.Nxd1 Bxf3 29.Rxf3 Qe4 30.Rf2 Rd7
31.Rf1 Qxc2 32.Nf2 Qe2  0-1

[Event "9th Vasylyshyn Mem GM"]
[Site "Lviv UKR"]
[Date "2012.11.26"]
[Round "7"]
[White "Dastan,B"]
[Black "Vetoshko,V"]
[Result "1-0"]
[WhiteElo "2370"]
[BlackElo "2283"]

1.e4 c5 2.Nf3 Nc6 3.Nc3 e6 4.d4 cxd4 5.Nxd4 Qc7 6.Be3 a6 7.Bd3 Nf6 8.O-O Ne5
9.h3 b5 10.f4 Nc4 11.Bxc4 Qxc4 12.Qd3 Bb7 13.a4 Qxd3 14.cxd3 b4 15.Nce2 Bc5
16.Rfc1 d6 17.Kf2 Kd7 18.Nb3 Bxe3+ 19.Kxe3 Rac8 20.Na5 Ba8 21.Nc4 Ke7 22.Nb6 Rc6
23.Rxc6 Bxc6 24.Rc1 Bd7 25.Rc7 Rb8 26.a5 Kd8 27.Ra7 e5 28.fxe5 dxe5 29.Nc4 Rc8
30.Nxe5 Rc2 31.g4 Rc5 32.d4  1-0

[Event "62nd ch-GRE 2012"]
[Site "Athens GRE"]
[Date "2012.11.27"]
[Round "4"]
[White "Filippas,S"]
[Black "Kapnisis,S"]
[Result "1-0"]
[WhiteElo "2310"]
[BlackElo "2457"]

1.e4 c5 2.Nf3 e6 3.d4 cxd4 4.Nxd4 Nc6 5.Nc3 Qc7 6.g3 a6 7.Bg2 h5 8.O-O h4
9.Re1 hxg3 10.hxg3 d6 11.Nxc6 bxc6 12.Na4 Bb7 13.b3 c5 14.Bb2 Nf6 15.Qd2 Be7
16.Rad1 Bc6 17.c4 Qb7 18.Nc3 Rh6 19.Nd5 exd5 20.exd5 Bd7 21.Qxh6 gxh6 22.Bxf6 O-O-O
23.Bxe7 Rg8 24.Bxd6 Qb6 25.Bf4 Qf6 26.b4 cxb4 27.c5 Bg4 28.c6  1-0

[Event "35th ch-GRE w 2012"]
[Site "Athens GRE"]
[Date "2012.11.27"]
[Round "4"]
[White "Fakhiridou,E"]
[Black "Iordanidou,Z"]
[Result "1/2-1/2"]
[WhiteElo "2178"]
[BlackElo "2147"]

1.e4 c5 2.Nf3 e6 3.d4 cxd4 4.Nxd4 Nc6 5.Nc3 Qc7 6.Be2 a6 7.Be3 Nf6 8.O-O Bb4
9.Nxc6 bxc6 10.Na4 Be7 11.Nb6 Rb8 12.Nxc8 Rxc8 13.Bxa6 Rb8 14.Bd4 e5 15.Bc3 Nxe4
16.Qg4 d5 17.Qxg7 Bf6 18.Qh6 Rg8 19.Bd3 Rg6 20.Qh5 Nxc3 21.bxc3 e4 22.Be2 Bxc3
23.Rab1 Ra8 24.Rb3 Bd4 25.c3 Be5 26.a3 Rb8 27.Rfb1 Rxb3 28.Rxb3 Qe7 29.a4 e3
30.fxe3 Bd6 31.Qh3 Kf8 32.Bd3 Rf6 33.Rb1 Qe5 34.Bxh7 Bc5 35.Bd3 Bxe3+ 36.Kh1 Rh6
37.Qc8+ Kg7 38.Qg4+ Kf8 39.Qc8+ Kg7 40.Qg4+ Kf8  1/2-1/2

[Event "ch-Commonwealth 2012"]
[Site "Chennai IND"]
[Date "2012.11.27"]
[Round "7"]
[White "Padhya,S"]
[Black "Himanshu,Sh"]
[Result "0-1"]
[WhiteElo "2236"]
[BlackElo "2417"]

1.e4 c5 2.Nf3 e6 3.d4 cxd4 4.Nxd4 Nc6 5.Nc3 Qc7 6.f4 a6 7.Nxc6 Qxc6 8.Bd3 b5
9.e5 f5 10.Be2 Bb7 11.Bh5+ g6 12.Bf3 Qc7 13.Be3 Rc8 14.O-O Bb4 15.Bxb7 Qxb7
16.Bd4 Ne7 17.Ne2 Nd5 18.a4 Bc5 19.axb5 axb5 20.c3 O-O 21.Qd3 Qb6 22.h4 Ra8
23.g3 Rfc8 24.Kh2 Kf7 25.Kh3 h5 26.Rfd1 Qc6 27.Rdc1 Be7 28.Bf2 Rxa1 29.Rxa1 b4
30.Rc1 bxc3 31.bxc3 Ke8 32.Kh2 Ra8 33.Nd4 Qc5 34.Kg1 Ra2 35.Qb5 Qa3 36.Qb8+ Kf7
37.Rf1 Rxf2 38.Rxf2 Qxc3 39.Qb2 Qxg3+ 40.Kf1 Bxh4 41.Rf3 Qe1+ 42.Kg2 Nxf4+  0-1

[Event "ch-Commonwealth 2012"]
[Site "Chennai IND"]
[Date "2012.11.27"]
[Round "7"]
[White "Karthikeyan,M2"]
[Black "Fominyh,A"]
[Result "0-1"]
[WhiteElo "2329"]
[BlackElo "2456"]

1.e4 c5 2.Nf3 e6 3.d4 cxd4 4.Nxd4 Nc6 5.Nc3 a6 6.Be2 Nge7 7.Be3 b5 8.O-O Nxd4
9.Qxd4 Nc6 10.Qd1 Be7 11.f4 d6 12.Kh1 O-O 13.Bf3 Qc7 14.Ne2 Bd7 15.Nd4 Rac8
16.Nxc6 Bxc6 17.Bd4 e5 18.Bc3 Qb7 19.Qd2 Bxe4 20.Bxe4 Qxe4 21.Rae1 Qg6 22.fxe5 dxe5
23.Rxe5 Bf6 24.Ree1 Bxc3 25.bxc3 Rcd8 26.Qe2 Qc6 27.Rf3 Rfe8 28.Re3 Rxe3
29.Qxe3 h6 30.h3 Rc8 31.Qd3 Qc4 32.Qf5 Qxc3 33.Re3 Qc6 34.Re7 Rf8 35.Ra7 g6
36.Qf3 Qe6 37.Qb3 Qf6 38.Qf3 Qe6 39.Qb3 Re8 40.Qxe6 Rxe6 41.Kh2 Kg7 42.a3 h5
43.h4 Rc6 44.Kh1 Kf6 45.Rb7 Ke6 46.Kh2 f6 47.a4 bxa4 48.Rb4 Rxc2 49.Rxa4 Rc6
50.Kh3 Kd5 51.Ra1 Kd6 52.g3 Kc7 53.g4 hxg4+ 54.Kxg4 Kb7 55.Kg3 Rc3+ 56.Kg4 Rc4+
57.Kh3 g5 58.hxg5 fxg5 59.Kg3 g4 60.Kf2 Kb6 61.Ke3 a5 62.Kd3 Rb4 63.Rf1 g3
64.Rf6+ Kb5 65.Rf5+ Ka4 66.Rg5 Rb3+ 67.Kc4 Rf3 68.Rg4 Ka3 69.Kb5 Kb3 70.Kxa5 Kc3
71.Ra4 Rf5+  0-1

[Event "XXVIII Voivoda Cup"]
[Site "Legnica POL"]
[Date "2012.11.28"]
[Round "9.5"]
[White "Bures,J"]
[Black "Pieniazek,Ar"]
[Result "0-1"]
[WhiteElo "2397"]
[BlackElo "2368"]

1.e4 c5 2.Nf3 e6 3.d4 cxd4 4.Nxd4 Nc6 5.Nc3 Qc7 6.Be3 a6 7.Be2 Nf6 8.O-O Be7
9.f4 d6 10.a4 O-O 11.Kh1 Re8 12.Bf3 Na5 13.g4 d5 14.exd5 Nxd5 15.Bxd5 exd5
16.Nxd5 Qd6 17.Nf5 Bxf5 18.gxf5 Rad8 19.Nc3 Qf6 20.Qf3 Qxf5 21.Bb6 Rd2 22.Bxa5 Qxa5
23.Rae1 Qd8 24.Qe4 Qd7 25.Rd1 Qh3 26.Ne2 Kf8 27.Rde1 Bd6 28.Qxe8+ Kxe8 29.Ng1+ Qe6
30.Nf3 Re2 31.Rxe2 Qxe2 32.Re1 Qxe1+ 33.Nxe1 Bxf4 34.Nd3 Bd6 35.c4 a5 36.Kg2 Kd7
37.h3 Kc6 38.Kf3 f5 39.Ke3 g5 40.Kd4 b6 41.Ke3 h5 42.Kf3 Kd7 43.b3 Ke6  0-1

[Event "Doroshkevicha Mem Open 2012"]
[Site "Sochi RUS"]
[Date "2012.11.28"]
[Round "3"]
[White "Gochelashvili,D"]
[Black "Tregubov,P"]
[Result "1/2-1/2"]
[WhiteElo "2419"]
[BlackElo "2601"]

1.e4 c5 2.Nf3 e6 3.d4 cxd4 4.Nxd4 Nc6 5.Nc3 Nf6 6.Ndb5 Bb4 7.a3 Bxc3+ 8.Nxc3 d5
9.exd5 exd5 10.Bd3 O-O 11.O-O d4 12.Ne2 Bg4 13.h3 Bxe2 14.Qxe2 Re8 15.Qf3 Qb6
16.Bf4 Ne5 17.Bxe5 Rxe5 18.Rfe1 Rae8 19.Rxe5 Rxe5 20.b3 g6 21.Rd1 Nd5 22.Bc4 Rf5
23.Qd3 Nc3 24.Re1 Qf6 25.Qd2 b5 26.Bd3 Re5 27.Rf1 h5 28.g3 h4 29.Re1 hxg3
30.fxg3 Nd5 31.Rxe5 Qxe5 32.Qf2 a6 33.h4 Kg7 34.Qf3 Qe1+ 35.Kh2 Ne3 36.Qe4 Qf2+
37.Kh3 Kh7 38.h5 f5 39.Qe7+ Kh6 40.Qf8+ Kg5 41.Qd8+  1/2-1/2

[Event "ch-Commonwealth 2012"]
[Site "Chennai IND"]
[Date "2012.11.29"]
[Round "9"]
[White "Kunal,M"]
[Black "Himanshu,Sh"]
[Result "0-1"]
[WhiteElo "2276"]
[BlackElo "2417"]

1.e4 c5 2.Nf3 Nc6 3.d4 cxd4 4.Nxd4 e6 5.Nc3 Qc7 6.Be3 a6 7.Qd2 Nf6 8.f3 b5
9.Nxc6 Qxc6 10.a3 Bb7 11.g4 h6 12.Bd4 Rc8 13.h4 b4 14.axb4 Bxb4 15.Bg2 Qc7
16.O-O-O e5 17.Bf2 Qa5 18.Qe3 Rxc3 19.bxc3 Bxc3  0-1

[Event "ch-Commonwealth 2012"]
[Site "Chennai IND"]
[Date "2012.11.29"]
[Round "9"]
[White "Padmini,R"]
[Black "Fominyh,A"]
[Result "0-1"]
[WhiteElo "2326"]
[BlackElo "2456"]

1.e4 c5 2.Nf3 e6 3.d4 cxd4 4.Nxd4 Nc6 5.Nc3 a6 6.Nxc6 bxc6 7.Bd3 d5 8.O-O Nf6
9.Qe2 Be7 10.b3 O-O 11.Bf4 Nd7 12.Na4 e5 13.Be3 Nf6 14.Bb6 Qd6 15.Bc5 Qe6
16.Bxe7 Qxe7 17.Rae1 d4 18.Nb6 Ra7 19.f4 Bg4 20.Qf2 Nd7 21.Nc4 Be6 22.Nxe5 Nxe5
23.fxe5 Qc5 24.Qg3 a5 25.a4 Re7 26.Rf2 Bc8 27.e6 Rxe6 28.e5 Qe7 29.Bc4 Rh6
30.Qf4 c5 31.Qd2 Qc7 32.c3 dxc3 33.Qxc3 Be6 34.Rc2 Rc8 35.h3 Bxc4 36.Qxc4 Re6
37.Qd5 h6 38.Kh1 Kh8 39.Rf1 Kg8 40.Re1 Qc6 41.Rd1 Kf8 42.Qxc6 Rexc6 43.Rc4 Ke7
44.Rg4 g5 45.Rc4 Ke6 46.Rf1 R8c7 47.Re4 Kd5 48.Re2 Re6 49.Rd1+ Kc6 50.Red2 Rce7
51.Rd6+ Kc7 52.Kh2 h5 53.Rd8 Rb6 54.Ra8 Rxe5 55.Rxa5 Rxb3 56.Ra7+ Rb7 57.Rd7+ Kxd7
58.Rxb7+ Kc6 59.Rxf7 c4 60.Rf6+ Kb7 61.Rf7+ Kb6 62.Rf6+ Ka5 63.Rc6 Kb4 64.h4 g4
65.Kg3 Rc5 66.Rb6+ Kxa4 67.Kf2 c3 68.Rb1 c2  0-1

[Event "Doroshkevicha Mem Open 2012"]
[Site "Sochi RUS"]
[Date "2012.11.29"]
[Round "4"]
[White "Lugovskoy,M"]
[Black "Korneev,O"]
[Result "0-1"]
[WhiteElo "2395"]
[BlackElo "2602"]

1.e4 c5 2.Nf3 e6 3.d4 cxd4 4.Nxd4 Nc6 5.Nc3 Qc7 6.g3 a6 7.Bg2 Nf6 8.O-O d6
9.Re1 Nd7 10.Bg5 Nde5 11.Nxc6 bxc6 12.b3 Bb7 13.Na4 c5 14.c4 Be7 15.Bxe7 Qxe7
16.f4 Nc6 17.Nb6 Rd8 18.Nd5 Qd7 19.Qg4 Kf8 20.Ne3 h5 21.Qf3 Nd4 22.Qf2 h4
23.Nc2 hxg3 24.hxg3 e5 25.Nxd4 cxd4 26.Rac1 Rh6 27.f5 a5 28.Bf3 Qc7 29.Kg2 Ke7
30.Rh1 Rdh8 31.Rxh6 Rxh6 32.Qd2 f6 33.b4 Rh8 34.c5 dxc5 35.Rxc5 Qd6 36.Qc1 Rd8
37.Qc4 axb4 38.Qxb4 Rd7 39.Kh2 d3 40.Qc4 d2 41.Bh5 Kf8 42.Bd1 Qd4 43.Qc2 Bxe4
44.Rc8+ Ke7 45.Qb3 Qf2+ 46.Kh3 Bxf5+ 47.Bg4 Bxg4+  0-1

[Event "XXVI Belgrade Trophy 2012"]
[Site "Belgrade SRB"]
[Date "2012.11.30"]
[Round "7.15"]
[White "Cetkovic,Mi"]
[Black "Mijovic,S"]
[Result "0-1"]
[WhiteElo "2230"]
[BlackElo "2380"]

1.e4 c5 2.Nc3 e6 3.Nge2 Nc6 4.d4 cxd4 5.Nxd4 d6 6.Be3 Nf6 7.Bc4 Be7 8.Qe2 O-O
9.O-O-O Qc7 10.Bb3 a6 11.Rhg1 Nd7 12.g4 Nc5 13.Nf5 b5 14.Bd5 Bb7 15.g5 b4
16.Rg3 Rfc8 17.Qh5 g6 18.Nh6+ Kf8 19.Qh3 bxc3 20.Nxf7 cxb2+ 21.Kb1 Kxf7 22.Qxh7+ Ke8
23.Qxg6+ Kd7 24.Bxc5 exd5 25.Qf5+ Kd8 26.Rh3 Qa5 27.Rxd5 Qe1+ 28.Kxb2 Kc7
29.Rxd6 Rd8 30.Rh7 Rxd6 31.Bxd6+ Kxd6 32.Qf4+ Kd7 33.Qf5+ Kc7  0-1

[Event "Doroshkevicha Mem Open 2012"]
[Site "Sochi RUS"]
[Date "2012.11.30"]
[Round "5"]
[White "Korneev,O"]
[Black "Brodsky,M"]
[Result "1/2-1/2"]
[WhiteElo "2602"]
[BlackElo "2563"]

1.e4 c5 2.Nf3 Nc6 3.d4 cxd4 4.Nxd4 e6 5.Nc3 Qc7 6.Be3 a6 7.Be2 b5 8.Nxc6 dxc6
9.O-O Bb7 10.a4 b4 11.Nb1 c5 12.Nd2 Nf6 13.Bd3 c4 14.Nxc4 Nxe4 15.Bxe4 Bxe4
16.Qd4 Bxc2 17.b3  1/2-1/2

[Event "XXVI Belgrade Trophy 2012"]
[Site "Belgrade SRB"]
[Date "2012.12.01"]
[Round "8.16"]
[White "Savicevic,V"]
[Black "Cvetkovic,Sr"]
[Result "1-0"]
[WhiteElo "2310"]
[BlackElo "2389"]

1.e4 c5 2.Nf3 e6 3.Nc3 Nc6 4.d4 cxd4 5.Nxd4 a6 6.Bf4 Qf6 7.Nde2 Bc5 8.f3 Ne5
9.Qc1 b5 10.Ng3 h5 11.Qd2 h4 12.Nf5 h3 13.Nd5 exd5 14.Qxd5 Ne7 15.Qxc5 N5g6
16.Bd6 Qxb2 17.Rd1 Qf6 18.g4 Nxf5 19.exf5 Ne7 20.Kf2 Qh4+ 21.Bg3 Qf6 22.Re1 O-O
23.Qxe7 Qd4+ 24.Qe3 Qd5 25.Bd3 Bb7 26.Be4 Qxa2 27.Bxb7 Rae8  1-0

[Event "ch-Commonwealth 2012"]
[Site "Chennai IND"]
[Date "2012.12.01"]
[Round "11"]
[White "Rishi,S"]
[Black "Fominyh,A"]
[Result "1/2-1/2"]
[WhiteElo "2173"]
[BlackElo "2456"]

1.e4 c5 2.Nf3 e6 3.d4 cxd4 4.Nxd4 Nc6 5.Nc3 a6 6.Be3 Nf6 7.Bd3 Qc7 8.O-O Bd6
9.f4 Bc5 10.Nf5 Bxe3+ 11.Nxe3 d6 12.Kh1 b6 13.Qe1 Bb7 14.Nc4 Nd7 15.Qg3 O-O
16.f5 Nce5 17.f6 Ng6 18.fxg7 Kxg7 19.Nxd6 Ne5 20.Nxb7 Qxb7 21.Ne2 Qe7 22.Qf2 b5
23.Nf4 Nxf4 24.Qxf4 f6 25.Rf2 Rab8 26.Raf1 Rbd8 27.h3 Rf7 28.Be2 Ng6 29.Qe3 Ne5
30.Bh5 Rff8 31.Qg3+ Kh6 32.Rf4 Qg7 33.Bg4 Ng6 34.R4f2 Qe7 35.Qe3+ Kg7 36.Bh5 Qd6
37.Bxg6 hxg6 38.e5 fxe5 39.Qa7+ Rd7 40.Qxd7+ Qxd7 41.Rxf8 Qd4 42.R8f7+ Kh6
43.c3 Qd3 44.R7f2 e4 45.Re1 Kg5 46.Rfe2 Kf4 47.Rf2+ Ke5 48.Rfe2 Kf4 49.Rf2+ Ke5
50.Rfe2  1/2-1/2

[Event "Frau Bundesliga Div1 2012-13"]
[Site "Germany GER"]
[Date "2012.12.01"]
[Round "3.5"]
[White "Brendel,B"]
[Black "Kochetkova,J"]
[Result "0-1"]
[WhiteElo "2094"]
[BlackElo "2304"]

1.e4 c5 2.Nf3 e6 3.d4 cxd4 4.Nxd4 Nc6 5.Nc3 Qc7 6.Be3 a6 7.Qd2 Nf6 8.O-O-O Bb4
9.f3 b5 10.g4 Ne5 11.Kb1 O-O 12.g5 Nh5 13.f4 Ng4 14.e5 Bxc3 15.bxc3 Nxe3
16.Qxe3 g6 17.Bg2 Bb7 18.Bxb7 Qxb7 19.Ne2 Rac8 20.Ng3 b4 21.c4 Rxc4 22.Nxh5 gxh5
23.Rhf1 Rfc8 24.f5 Rxc2 25.fxe6 dxe6 26.Qf4 b3 27.a3 b2 28.Rd8+ Rxd8  0-1

[Event "4th London Classic Open"]
[Site "London ENG"]
[Date "2012.12.01"]
[Round "1"]
[White "Yeo,M"]
[Black "Baasansuren,Erdene"]
[Result "1/2-1/2"]
[WhiteElo "2191"]
[BlackElo "1795"]

1.e4 c5 2.Nf3 e6 3.d4 cxd4 4.Nxd4 Nc6 5.Nc3 Qc7 6.Ndb5 Qb8 7.Be3 a6 8.Bb6 axb5
9.Nxb5 Bb4+ 10.c3 Ba5 11.Nc7+ Qxc7 12.Bxc7 Bxc7 13.Qg4 g6 14.f4 Nge7 15.Bd3 d5
16.e5 Bb6 17.a3 Nf5 18.Bxf5 exf5 19.Qf3 Be6 20.O-O-O O-O 21.Kb1 Ra4 22.Rhe1 Rd8
23.Qf1 Ra5 24.Qd3 Rda8 25.Rc1 Bd8 26.Kc2 Be7 27.Kd1 Rb8 28.Ke2 Ra4 29.g3 b5
30.Kf2 Na5 31.Kg2 Nb3 32.Rcd1 Nc5 33.Qc2 Ne4 34.Rd4 Ra7  1/2-1/2

[Event "TCh-SWE Elite 2012-13"]
[Site "Sweden SWE"]
[Date "2012.12.01"]
[Round "4"]
[White "Ziegler,A"]
[Black "Akesson,R"]
[Result "0-1"]
[WhiteElo "2363"]
[BlackElo "2445"]

1.e4 c5 2.Nf3 e6 3.d4 cxd4 4.Nxd4 Nc6 5.Nc3 Qc7 6.Be3 a6 7.Qd2 Nf6 8.f3 d5
9.exd5 Nxd5 10.Nxd5 exd5 11.O-O-O Be7 12.Nxc6 bxc6 13.Bd4 O-O 14.Qc3 f6 15.Bc5 Re8
16.Bd3 Qe5 17.Bd4 Qd6 18.Rhe1 Bd7 19.Kb1 c5 20.Bg1 Qc6 21.g4 Bd6 22.Qd2 Rab8
23.c4 d4 24.Be4 Qa4 25.Qc2 Qxc2+ 26.Kxc2 g6 27.h3 Bg3 28.Re2 Kf8 29.Rg2 Bf4
30.Bd5 Re5 31.Bh2 Bxh2 32.Rxh2 Rbe8 33.Rdd2 Re1 34.h4 Ra1 35.h5 Ba4+ 36.b3 Rxa2+
37.Kb1 Rxd2 38.Rxd2 Bxb3 39.hxg6 hxg6 40.Rh2 Kg7 41.Kb2 Re3  0-1